[Event "8th Sunway Sitges 2021"]
[Site "Sitges ESP"]
[Date "2021.12.13"]
[Round "1.1"]
[White "Korobov, Anton"]
[Black "Benmesbah, Natacha"]
[Result "1-0"]
[WhiteTitle "GM"]
[BlackTitle "WIM"]
[WhiteElo "2699"]
[BlackElo "2221"]
[WhiteFideId "14105730"]
[BlackFideId "642002"]
[EventDate "2021.12.13"]

1. d4 d6 2. Nf3 Nf6 3. c4 g6 4. Nc3 Bf5 5. h3 Bg7 6. g4 Bd7 7. e4 O-O 8. Be3 c5
9. Be2 Nc6 10. d5 Na5 11. Qc2 a6 12. a4 e6 13. Nd2 b5 14. axb5 axb5 15. cxb5
exd5 16. exd5 Re8 17. Ra4 Nb7 18. Ra6 Rxa6 19. bxa6 Na5 20. O-O h5 21. g5 Nh7
22. Nce4 Bf5 23. h4 Qd7 24. Ra1 Be5 25. Rxa5 Bxe4 26. Qxe4 Qh3 27. Qg2 1-0

[Event "8th Sunway Sitges 2021"]
[Site "Sitges ESP"]
[Date "2021.12.13"]
[Round "1.2"]
[White "Nikolic, Vladan"]
[Black "Cheparinov, Ivan"]
[Result "0-1"]
[BlackTitle "GM"]
[WhiteElo "2221"]
[BlackElo "2664"]
[WhiteFideId "1710702"]
[BlackFideId "2905540"]
[EventDate "2021.12.13"]

1. d4 Nf6 2. c4 g6 3. g3 Bg7 4. Bg2 O-O 5. Nc3 d6 6. Nf3 Nbd7 7. O-O e5 8. e4 c6
9. h3 Qb6 10. c5 dxc5 11. dxe5 Ne8 12. e6 fxe6 13. Ng5 Ne5 14. f4 Nf7 15. Nxf7
Bd4+ 16. Kh2 Rxf7 17. e5 Nc7 18. Ne4 Nd5 19. h4 Bd7 20. h5 Rg7 21. a4 a5 22. Ra3
Rf8 23. Bh3 Qd8 24. Rd3 gxh5 25. Qxh5 Qe7 26. Qe2 Be8 27. b3 Bg6 28. Ba3 Nb4 29.
Rd2 Bxe4 30. Qxe4 Rg6 31. g4 Qh4 32. Rg2 Nd5 33. Bc1 Nc3 34. Qd3 Nd5 35. Qe4 Qe7
36. Bd2 Kh8 37. Rf3 Qc7 38. Kh1 b6 39. Be1 Rg7 40. Bg3 Qe7 41. Rh2 Rfg8 42. g5
Qf7 43. Bxe6 Qxe6 44. f5 Qf7 45. e6 Qe7 46. Be5 Bxe5 47. Qxe5 Qxg5 48. Rxh7+
Kxh7 49. Rh3+ Qh6 50. Rxh6+ Kxh6 51. f6 Rg5 52. f7 Rxe5 53. fxg8=Q Rh5+ 0-1

[Event "8th Sunway Sitges 2021"]
[Site "Sitges ESP"]
[Date "2021.12.13"]
[Round "1.3"]
[White "Nihal, Sarin"]
[Black "Tanmay, Chopra"]
[Result "1-0"]
[WhiteTitle "GM"]
[WhiteElo "2662"]
[BlackElo "2221"]
[WhiteFideId "25092340"]
[BlackFideId "25630946"]
[EventDate "2021.12.13"]

1. Nf3 d5 2. d4 Nf6 3. c4 e6 4. Nc3 c6 5. Bg5 Nbd7 6. cxd5 exd5 7. e3 Be7 8. Qc2
h6 9. Bh4 O-O 10. Bd3 Re8 11. O-O Ne4 12. Bxe7 Qxe7 13. Rab1 a5 14. Na4 Rb8 15.
a3 b5 16. Nc3 h5 17. Rbe1 g6 18. Nd2 Ndf6 19. Ncxe4 dxe4 20. Be2 Bd7 21. Nb3 Ra8
22. a4 Qb4 23. Nc5 Bf5 24. h3 h4 25. Ra1 Nd7 26. Nxd7 Bxd7 27. Rfb1 c5 28. dxc5
bxa4 29. Rd1 Be6 30. Rd4 Bb3 31. Qc1 Qb7 32. Qc3 Qc7 33. Rc1 Rab8 34. c6 Re7 35.
Ba6 Rb6 36. Bb7 Rb5 37. Rd7 1-0

[Event "8th Sunway Sitges 2021"]
[Site "Sitges ESP"]
[Date "2021.12.13"]
[Round "1.5"]
[White "Tabatabaei, M. Amin"]
[Black "Zhukenov, Aituar"]
[Result "1-0"]
[WhiteTitle "GM"]
[WhiteElo "2643"]
[BlackElo "2209"]
[WhiteFideId "12521213"]
[BlackFideId "13719513"]
[EventDate "2021.12.13"]

1. d4 Nf6 2. c4 g6 3. Nc3 Bg7 4. e4 d6 5. Be2 O-O 6. Be3 c5 7. d5 b5 8. cxb5 a6
9. a4 Qa5 10. Bd2 axb5 11. Bxb5 Qb4 12. Bd3 Ng4 13. Nf3 c4 14. Bc2 Qxb2 15. Rb1
Qa3 16. Nb5 Qc5 17. O-O Bd7 18. h3 Ne5 19. Be3 Nxf3+ 20. Qxf3 Qc8 21. Rfc1 Bxb5
22. Rxb5 Nd7 23. Qe2 Qc7 24. Bb3 c3 25. Bc2 Nc5 26. Qc4 Rfc8 27. Rcb1 h5 28. Ra1
Nxa4 29. Qxc7 Rxc7 30. Rb4 1-0

[Event "8th Sunway Sitges 2021"]
[Site "Sitges ESP"]
[Date "2021.12.13"]
[Round "1.6"]
[White "Carbonell Sancho, Marc"]
[Black "Abdusattorov, Nodirbek"]
[Result "0-1"]
[WhiteTitle "FM"]
[BlackTitle "GM"]
[WhiteElo "2207"]
[BlackElo "2633"]
[WhiteFideId "32029969"]
[BlackFideId "14204118"]
[EventDate "2021.12.13"]

1. e4 c5 2. Nf3 d6 3. d4 cxd4 4. Nxd4 Nf6 5. Nc3 a6 6. Bc4 e6 7. Bb3 b5 8. O-O
Be7 9. Qf3 Qb6 10. Be3 Qb7 11. Qg3 Nbd7 12. Rad1 Nh5 13. Qf3 Nhf6 14. Qg3 g6 15.
f3 Nc5 16. Kh1 h5 17. h4 Bd7 18. Bg5 Qb8 19. Rfe1 Nxb3 20. axb3 e5 21. b4 Kf8
22. Nb3 Kg7 23. f4 Bg4 24. Rd2 Ra7 25. Na5 Rc8 26. Rf2 Ng8 27. f5 gxf5 28. exf5
f6 29. Bc1 Bd8 30. Nd5 Kh7 31. Qe3 Rg7 32. Qd3 Qa7 33. Be3 Qf7 34. b3 Ne7 35. c4
Nxd5 36. cxd5 Bxa5 37. bxa5 Qc7 38. Bd2 Qc5 39. Rff1 Rgc7 40. Rc1 Qd4 41. Qe3
Qxe3 42. Bxe3 Rxc1 43. Rxc1 Rxc1+ 44. Bxc1 Bxf5 45. Ba3 Bc2 46. Bxd6 Bxb3 47.
Be7 Kg6 48. d6 Be6 49. Kg1 Bd7 50. Kf2 b4 51. Ke3 b3 52. Kd3 e4+ 53. Kd4 0-1

[Event "8th Sunway Sitges 2021"]
[Site "Sitges ESP"]
[Date "2021.12.13"]
[Round "1.7"]
[White "Karthikeyan, Murali"]
[Black "Minko, Dmitry"]
[Result "1-0"]
[WhiteTitle "GM"]
[BlackTitle "CM"]
[WhiteElo "2630"]
[BlackElo "2207"]
[WhiteFideId "5074452"]
[BlackFideId "24188468"]
[EventDate "2021.12.13"]

1. e4 e5 2. Nf3 Nc6 3. Bb5 Nf6 4. d3 Ne7 5. Bc4 c6 6. Nc3 Ng6 7. h4 h5 8. Ng5 d5
9. exd5 cxd5 10. Nxd5 Nxd5 11. Qf3 Be6 12. Nxe6 fxe6 13. Bb5+ Ke7 14. Bg5+ Nf6
15. Qxb7+ Kd6 16. c4 Rc8 17. Qxa7 Qc7 18. Qa3+ Qc5 19. Qa6+ Ke7 20. O-O Qc7 21.
d4 Kf7 22. d5 Bd6 23. c5 Qxc5 24. dxe6+ Kxe6 25. Rac1 Ra8 26. Qb7 Qa7 27. Bc4+
Kf5 28. Qf3+ Nf4 29. Bxf4 exf4 30. Qd3+ Ne4 31. Bd5 1-0

[Event "8th Sunway Sitges 2021"]
[Site "Sitges ESP"]
[Date "2021.12.13"]
[Round "1.8"]
[White "Rajarishi, Karthi"]
[Black "Erigaisi, Arjun"]
[Result "0-1"]
[WhiteTitle "CM"]
[BlackTitle "GM"]
[WhiteElo "2207"]
[BlackElo "2629"]
[WhiteFideId "5092523"]
[BlackFideId "35009192"]
[EventDate "2021.12.13"]

1. d4 d5 2. c4 e6 3. Nc3 c6 4. Nf3 dxc4 5. a4 Bb4 6. e4 b5 7. Be2 Nf6 8. Qc2 Bb7
9. O-O a6 10. Rd1 Nbd7 11. Bg5 h6 12. Bh4 Be7 13. d5 cxd5 14. axb5 axb5 15. Rxa8
Bxa8 16. exd5 exd5 17. b3 b4 18. Bxf6 Nxf6 19. Nxd5 Nxd5 20. bxc4 Qc8 0-1

[Event "8th Sunway Sitges 2021"]
[Site "Sitges ESP"]
[Date "2021.12.13"]
[Round "1.9"]
[White "Kollars, Dmitrij"]
[Black "Mrithyunjay Mahadevan"]
[Result "1-0"]
[WhiteTitle "GM"]
[BlackTitle "CM"]
[WhiteElo "2622"]
[BlackElo "2206"]
[WhiteFideId "12909572"]
[BlackFideId "45003521"]
[EventDate "2021.12.13"]

1. e4 c5 2. Nc3 d6 3. d4 cxd4 4. Qxd4 a6 5. b3 Nc6 6. Qd2 f5 7. Bb2 Nf6 8. Bd3
e5 9. O-O-O Nb4 10. f4 Nxd3+ 11. Qxd3 exf4 12. Nf3 Be7 13. exf5 b5 14. Nd5 O-O
15. Nxf6+ 1-0

[Event "8th Sunway Sitges 2021"]
[Site "Sitges ESP"]
[Date "2021.12.13"]
[Round "1.10"]
[White "Ojas, Kulkarni"]
[Black "Vocaturo, Daniele"]
[Result "0-1"]
[BlackTitle "GM"]
[WhiteElo "2206"]
[BlackElo "2621"]
[WhiteFideId "25040073"]
[BlackFideId "813192"]
[EventDate "2021.12.13"]

1. e4 c6 2. d4 d5 3. exd5 cxd5 4. c3 Nc6 5. Bf4 Bf5 6. Nd2 e6 7. Ngf3 Bd6 8.
Bxd6 Qxd6 9. Nh4 Bg6 10. Nxg6 hxg6 11. Nf3 Nge7 12. Bd3 f6 13. Qe2 e5 14. dxe5
fxe5 15. O-O-O e4 16. Bxe4 Qf4+ 17. Qd2 Qxe4 18. Rhe1 Qf5 19. Nd4 Qd7 20. Ne6
Kf7 21. Qf4+ Kg8 22. g4 Rh6 23. Rd3 g5 24. Nxg5 Rf8 25. Qg3 Qd6 26. Qxd6 Rxd6
27. f3 Ng6 28. Rde3 Nf4 29. Rg1 Rh6 30. Rh1 Ne5 31. Kc2 Nf7 32. Nxf7 Kxf7 33. h4
Re8 34. Rxe8 Kxe8 35. h5 Kf7 36. Rd1 Kf6 37. c4 Ke5 38. Re1+ Kd6 39. cxd5 Rh8
40. Kd2 Nxd5 41. Rc1 Ke5 42. Rc4 Rf8 43. Ke2 Rf7 44. Re4+ Kd6 45. Rc4 b5 46. Rd4
Rf4 47. Rd1 Rc4 48. Kd3 Ke5 49. g5 Rd4+ 50. Kc2 Ne3+ 0-1

[Event "8th Sunway Sitges 2021"]
[Site "Sitges ESP"]
[Date "2021.12.13"]
[Round "1.11"]
[White "Sethuraman, S.P."]
[Black "Saya, Ethan"]
[Result "1-0"]
[WhiteTitle "GM"]
[BlackTitle "FM"]
[WhiteElo "2613"]
[BlackElo "2204"]
[WhiteFideId "5021596"]
[BlackFideId "26095181"]
[EventDate "2021.12.13"]

1. d4 Nf6 2. c4 e6 3. Nc3 Bb4 4. Nf3 O-O 5. Bg5 c5 6. Rc1 cxd4 7. Nxd4 Nc6 8. e3
b6 9. Nb5 h6 10. Bh4 Bb7 11. Nd6 Bxd6 12. Qxd6 Qe7 13. Rd1 Qxd6 14. Rxd6 g5 15.
Bg3 Rfd8 16. h4 g4 17. e4 Rac8 18. h5 Ne8 19. Rd1 Ne7 20. Be2 f5 21. f3 gxf3 22.
gxf3 Kf7 23. e5 Kg7 24. Rg1 Kh7 25. Bh4 1-0

[Event "8th Sunway Sitges 2021"]
[Site "Sitges ESP"]
[Date "2021.12.13"]
[Round "1.12"]
[White "Alboredo, Julia"]
[Black "Puranik, Abhimanyu"]
[Result "0-1"]
[WhiteTitle "WFM"]
[BlackTitle "GM"]
[WhiteElo "2200"]
[BlackElo "2604"]
[WhiteFideId "2124807"]
[BlackFideId "5061245"]
[EventDate "2021.12.13"]

1. d4 Nf6 2. c4 e6 3. Nf3 b6 4. g3 Ba6 5. Qc2 c5 6. d5 exd5 7. cxd5 Bb7 8. Nc3
Nxd5 9. Nxd5 Bxd5 10. Bg2 Be7 11. O-O Nc6 12. Bf4 Be6 13. e4 O-O 14. Rfd1 b5 15.
Bd6 Bxd6 16. Rxd6 c4 17. Qd2 Rc8 18. Nd4 Qb6 19. Nf5 Qd8 20. Qc3 f6 21. Rad1 b4
22. Qe3 Qa5 23. Bh3 Kh8 24. Rxd7 Bxd7 25. Rxd7 Rc7 26. Rxc7 Qxc7 27. Qc5 Rd8 28.
Qxc4 Qb7 29. Qe6 Ne5 30. f4 Nd3 31. Nh6 Rf8 32. Kf1 Nc5 33. Qd6 Qa6+ 34. Qxa6
Nxa6 35. Nf5 Rc8 36. Ne3 Rc1+ 37. Ke2 Nc5 38. e5 fxe5 39. fxe5 Kg8 40. e6 Kf8
41. e7+ Kxe7 42. Nd5+ Kd6 43. Nxb4 a5 0-1

[Event "8th Sunway Sitges 2021"]
[Site "Sitges ESP"]
[Date "2021.12.13"]
[Round "1.13"]
[White "Cornette, Matthieu"]
[Black "Alcala Gonzalez, Cesar"]
[Result "1-0"]
[WhiteTitle "GM"]
[WhiteElo "2583"]
[BlackElo "2198"]
[WhiteFideId "620084"]
[BlackFideId "24584878"]
[EventDate "2021.12.13"]

1. e4 c6 2. d4 d5 3. exd5 cxd5 4. Bd3 Nc6 5. c3 Qc7 6. Na3 a6 7. Nc2 Nf6 8. h3
g6 9. Ne2 Bg7 10. Bf4 Qd8 11. O-O O-O 12. Re1 Re8 13. Ng3 Bd7 14. Qf3 Rc8 15. a3
Na5 16. Bg5 Bc6 17. Nb4 Nc4 18. Re2 h6 19. Bf4 Qd7 20. Rae1 Bb5 21. Be5 Red8 22.
a4 Bxa4 23. Nf5 Nxe5 24. dxe5 Ne4 25. Nxg7 Kxg7 26. e6 Qxe6 27. Bxe4 dxe4 28.
Rxe4 Qf6 29. Rf4 Rd1 30. Rxd1 1-0

[Event "8th Sunway Sitges 2021"]
[Site "Sitges ESP"]
[Date "2021.12.13"]
[Round "1.14"]
[White "Toncheva, Nadya"]
[Black "Safarli, Eltaj"]
[Result "0-1"]
[WhiteTitle "FM"]
[BlackTitle "GM"]
[WhiteElo "2197"]
[BlackElo "2579"]
[WhiteFideId "2924056"]
[BlackFideId "13402129"]
[EventDate "2021.12.13"]

1. d4 Nf6 2. c4 e6 3. Nc3 Bb4 4. e3 O-O 5. Bd3 d5 6. a3 Bxc3+ 7. bxc3 c6 8. Nf3
b6 9. O-O Ba6 10. cxd5 cxd5 11. Bxa6 Nxa6 12. Qd3 Qc8 13. a4 Qb7 14. Ba3 Rfc8
15. Rfc1 Ne4 16. Rc2 Rc4 17. Ne5 Rxa4 18. Qb5 Ra5 19. Qc6 Qxc6 20. Nxc6 Ra4 21.
f3 Nd6 22. Rca2 Nb5 23. Bb2 Rxa2 24. Rxa2 Nb8 25. Ne5 f6 26. Nd3 Nc6 27. e4 dxe4
28. fxe4 Na5 29. Nf4 Kf7 30. Kf2 Rc8 31. Ne2 Nc4 32. Bc1 a5 33. Kf3 e5 34. d5
Ncd6 35. Bd2 Rc4 36. Rb2 a4 37. Be3 a3 0-1

[Event "8th Sunway Sitges 2021"]
[Site "Sitges ESP"]
[Date "2021.12.13"]
[Round "1.15"]
[White "Fier, Alexandr"]
[Black "Movileanu, Daniela"]
[Result "1-0"]
[WhiteTitle "GM"]
[BlackTitle "WIM"]
[WhiteElo "2572"]
[BlackElo "2191"]
[WhiteFideId "2107139"]
[BlackFideId "873349"]
[EventDate "2021.12.13"]

1. e4 c5 2. Nf3 d6 3. d4 cxd4 4. Nxd4 Nf6 5. Nc3 a6 6. Be2 e6 7. Be3 Be7 8. f4
Nc6 9. g4 Qc7 10. g5 Nd7 11. h4 b5 12. Nxc6 Qxc6 13. Qd4 e5 14. Qd2 Nc5 15. Bf3
Be6 16. O-O Rc8 17. f5 Bc4 18. Rf2 Nd7 19. a3 a5 20. Be2 Nb6 21. Bxb6 Qxb6 22.
Bxc4 Rxc4 23. Nd5 Qa7 24. Qe2 Qd4 25. Nc3 O-O 26. Rd1 Qc5 27. Rd5 Qc6 28. Nxb5
Rb8 29. b3 Rc5 30. c4 Rxd5 31. exd5 Qc5 32. Qe4 Bd8 33. Kg2 Bb6 34. Rf1 Rc8 35.
a4 Qb4 36. Qc2 Qc5 37. Qe2 Re8 38. Nc3 Qc7 39. Ne4 Bd4 40. h5 Rb8 41. Qf3 Qb6
42. f6 Qxb3 43. fxg7 Qc2+ 44. Kh1 1-0

[Event "8th Sunway Sitges 2021"]
[Site "Sitges ESP"]
[Date "2021.12.13"]
[Round "1.16"]
[White "Van Foreest, Machteld"]
[Black "Kadric, Denis"]
[Result "0-1"]
[BlackTitle "GM"]
[WhiteElo "2189"]
[BlackElo "2572"]
[WhiteFideId "1051563"]
[BlackFideId "14403803"]
[EventDate "2021.12.13"]

1. e4 g6 2. d4 Bg7 3. Nc3 d6 4. g3 Nf6 5. Bg2 O-O 6. Nge2 Nbd7 7. O-O e5 8. h3
c6 9. a4 Re8 10. Re1 b6 11. dxe5 dxe5 12. Be3 Bf8 13. Qd2 Qc7 14. Red1 a6 15.
Nc1 Bb7 16. Nb3 a5 17. f3 Ba6 18. Qf2 Bc4 19. Bf1 Bxb3 20. cxb3 Bc5 21. Bc4 Bxe3
22. Qxe3 Nc5 23. Rd2 Nh5 24. Kg2 Ng7 25. Rad1 Kh8 26. Qg5 Kg8 27. Rd6 Rac8 28.
Qf6 Nh5 29. Qg5 Kg7 30. Ne2 Qe7 31. Qd2 Nf6 32. Nc3 Nb7 33. Rd3 Rcd8 34. Qe3
Rxd3 35. Rxd3 Nc5 36. Rd2 Rd8 37. Ne2 Ne8 38. Qc3 Nd6 39. Rd1 Ndxe4 40. Qc2 Nd6
41. Qd2 Rd7 42. Qc1 f6 43. Nc3 Nf5 44. Kf2 Qd8 45. g4 Rxd1 46. Qxd1 Qxd1 47.
Nxd1 Nd4 48. Ne3 Kf8 0-1

[Event "8th Sunway Sitges 2021"]
[Site "Sitges ESP"]
[Date "2021.12.13"]
[Round "1.17"]
[White "Iniyan, P"]
[Black "Priyanka, Nutakki"]
[Result "0-1"]
[WhiteTitle "GM"]
[BlackTitle "WIM"]
[WhiteElo "2555"]
[BlackElo "2187"]
[WhiteFideId "25002767"]
[BlackFideId "25049615"]
[EventDate "2021.12.13"]

1. e4 e5 2. Nf3 Nf6 3. d3 Nc6 4. g3 d5 5. Nbd2 Bc5 6. Bg2 dxe4 7. dxe4 O-O 8.
O-O Qe7 9. c3 a5 10. a4 b6 11. Nh4 Rd8 12. Nf5 Qe6 13. Re1 Ba6 14. Bh3 Kh8 15.
Qf3 Rd3 16. Qg2 Bc8 17. Qf1 Rd8 18. Nc4 Ba6 19. b3 Bxc4 20. bxc4 Qe8 21. Bg5 Ne7
22. Qe2 Neg8 23. Kh1 h6 24. Bc1 Kh7 25. f4 g6 26. Nh4 exf4 27. e5 fxg3 28. hxg3
Nh5 29. Nf5 Qd7 30. Qf3 Ng7 31. e6 Nxe6 32. Nh4 Ng5 33. Bxd7 Nxf3 34. Nxf3 Rxd7
35. Bf4 g5 36. Be5 Re8 37. Red1 Rxd1+ 38. Rxd1 g4 0-1

[Event "8th Sunway Sitges 2021"]
[Site "Sitges ESP"]
[Date "2021.12.13"]
[Round "1.18"]
[White "De Santis, Alessio"]
[Black "Megaranto, Susanto"]
[Result "1-0"]
[WhiteTitle "FM"]
[BlackTitle "GM"]
[WhiteElo "2186"]
[BlackElo "2548"]
[WhiteFideId "803405"]
[BlackFideId "7101384"]
[EventDate "2021.12.13"]

1. b3 d5 2. Bb2 Bg4 3. h3 Bh5 4. g3 e6 5. Bg2 Nf6 6. Nf3 Be7 7. c4 c6 8. d3 O-O
9. Nbd2 Nbd7 10. O-O a5 11. a3 Bd6 12. Qc2 Qe7 13. e4 dxe4 14. dxe4 Bxf3 15.
Nxf3 e5 16. Rfe1 Rfd8 17. Qc3 Ne8 18. Nh4 g6 19. Nf3 Ng7 20. h4 f6 21. Bh3 Nf8
22. Red1 Bxa3 23. Rxd8 Bxb2 24. Rxf8+ Qxf8 25. Qxb2 Qb4 26. Ra4 Qd6 27. Qd2 Qc5
28. Ra1 b6 29. Qd7 h5 30. Rd1 b5 31. Qb7 Qf8 32. cxb5 1-0

[Event "8th Sunway Sitges 2021"]
[Site "Sitges ESP"]
[Date "2021.12.13"]
[Round "1.19"]
[White "Livaic, Leon"]
[Black "Abbasov, Amil1"]
[Result "1-0"]
[WhiteTitle "IM"]
[WhiteElo "2547"]
[BlackElo "2184"]
[WhiteFideId "14531534"]
[BlackFideId "13402277"]
[EventDate "2021.12.13"]

1. d4 Nf6 2. Nf3 c5 3. c3 cxd4 4. cxd4 g6 5. Nc3 Bg7 6. e4 d6 7. h3 O-O 8. Be3
Nc6 9. Be2 d5 10. e5 Ne4 11. Rc1 Nxc3 12. Rxc3 f6 13. exf6 exf6 14. O-O Be6 15.
Qd2 a6 16. Rfc1 Re8 17. b4 Nxb4 18. Ne1 Nc6 19. Nd3 Bf7 20. Nc5 Na5 21. Bf4 Bf8
22. Rb1 b5 23. Nxa6 Nc4 24. Bxc4 dxc4 25. Nc5 Bxc5 26. dxc5 Qxd2 27. Bxd2 Rxa2
28. Be3 Ra5 29. c6 Rc8 30. c7 Ra6 31. Bf4 g5 32. Bg3 Ra5 33. Rd1 Be6 34. Re3 Kf7
35. Rd6 Bf5 36. Rb6 h5 37. Bd6 Be6 38. Bb4 Ra1+ 39. Kh2 Bd5 40. Re7+ Kg8 41. Rd6 1-0

[Event "8th Sunway Sitges 2021"]
[Site "Sitges ESP"]
[Date "2021.12.13"]
[Round "1.20"]
[White "Savchenko, Daniel"]
[Black "Kelires, Andreas"]
[Result "0-1"]
[BlackTitle "GM"]
[WhiteElo "2181"]
[BlackElo "2543"]
[WhiteFideId "12919195"]
[BlackFideId "5900727"]
[EventDate "2021.12.13"]

1. e4 c5 2. Nf3 d6 3. d4 cxd4 4. Nxd4 Nf6 5. Nc3 a6 6. f4 e5 7. Nf3 Nbd7 8. Bc4
Qc7 9. Qe2 Be7 10. O-O O-O 11. Kh1 b5 12. Bb3 b4 13. Nd5 Nxd5 14. exd5 Bf6 15.
Ng5 Bxg5 16. fxg5 Nb6 17. a3 bxa3 18. Rxa3 a5 19. Qe4 Nd7 20. Ba2 f5 21. Qh4 g6
22. Rc3 Qd8 23. Rh3 Qe7 24. Be3 f4 25. Bg1 Rb8 26. Bb3 Rb4 27. c4 Nc5 28. Bxc5
dxc5 29. d6 Qf7 30. Rc3 Rd8 31. Rd1 Bb7 32. Qf2 a4 33. Ba2 Qe6 34. Rcd3 e4 35.
Re1 Qf5 36. Rdd1 e3 37. Qe2 Qe5 38. d7 Rxb2 0-1

[Event "8th Sunway Sitges 2021"]
[Site "Sitges ESP"]
[Date "2021.12.13"]
[Round "1.21"]
[White "Maze, Sebastien"]
[Black "Jaferian, Koosha"]
[Result "1-0"]
[WhiteTitle "GM"]
[WhiteElo "2541"]
[BlackElo "2179"]
[WhiteFideId "613762"]
[BlackFideId "12507440"]
[EventDate "2021.12.13"]

1. e4 c6 2. d4 d5 3. e5 Bf5 4. Be3 e6 5. Nd2 Nd7 6. Ngf3 Ne7 7. c3 Nc8 8. Be2
Be7 9. O-O O-O 10. a4 a6 11. a5 c5 12. c4 cxd4 13. Bxd4 dxc4 14. Nxc4 Na7 15.
Nd6 Bxd6 16. exd6 Nc6 17. Bc3 Nf6 18. Ne5 Be4 19. Ra4 Bd5 20. Bd3 Nxe5 21. Bxe5
h6 22. Qd2 Ne8 23. Rg4 g5 24. f4 f6 25. fxg5 fxg5 26. Bh7+ Kxh7 27. Rxf8 1-0

[Event "8th Sunway Sitges 2021"]
[Site "Sitges ESP"]
[Date "2021.12.13"]
[Round "1.22"]
[White "Sharan, Rao"]
[Black "Arjun, Kalyan"]
[Result "1-0"]
[BlackTitle "GM"]
[WhiteElo "2179"]
[BlackElo "2537"]
[WhiteFideId "5073464"]
[BlackFideId "35018701"]
[EventDate "2021.12.13"]

1. Nf3 d5 2. b3 Bf5 3. Bb2 e6 4. e3 Nf6 5. d4 Bd6 6. Bd3 Nbd7 7. O-O c6 8. c4
O-O 9. Nc3 Qe7 10. a4 Rad8 11. Bxf5 exf5 12. cxd5 Nxd5 13. Nxd5 cxd5 14. Qd3 g6
15. Rfc1 Nb8 16. Ne1 Nc6 17. Qd2 Rc8 18. Nd3 b6 19. Bc3 a5 20. Rc2 Rc7 21. Rac1
Rfc8 22. Bb2 h5 23. h3 h4 24. Qd1 Qe4 25. Ne5 Nd8 26. Nd7 Qe7 27. Nxb6 Rxc2 28.
Nxc8 Rxc8 29. Rxc8 Kg7 30. Qc1 Qd7 31. Ra8 Nc6 32. Ra6 Nb4 33. Rxa5 f4 34. Ra8
fxe3 35. Qxe3 Qf5 36. Bc1 Qc2 37. Qh6+ Kf6 38. Qxh4+ Ke6 39. Qg4+ Kf6 40. Bg5+
Kg7 41. Bh6+ Kh7 42. Bf4 1-0

[Event "8th Sunway Sitges 2021"]
[Site "Sitges ESP"]
[Date "2021.12.13"]
[Round "1.24"]
[White "Jafarli, Babak"]
[Black "Dardha, Daniel"]
[Result "0-1"]
[BlackTitle "GM"]
[WhiteElo "2175"]
[BlackElo "2533"]
[WhiteFideId "13406019"]
[BlackFideId "240990"]
[EventDate "2021.12.13"]

1. e4 c5 2. Nf3 d6 3. Bb5+ Bd7 4. Bxd7+ Nxd7 5. O-O Ngf6 6. Re1 e6 7. c3 Be7 8.
d4 O-O 9. Bg5 d5 10. Nbd2 cxd4 11. cxd4 h6 12. Bxf6 Nxf6 13. e5 Nd7 14. Re3 Rc8
15. Rc1 Qb6 16. a3 Rc6 17. Rxc6 bxc6 18. Rb3 Qa6 19. Qf1 Qxf1+ 20. Kxf1 Nb6 21.
Rc3 Rc8 22. b4 f6 23. Ke2 Kf7 24. Nb3 Nc4 25. Nfd2 Nxd2 26. Kxd2 Ke8 27. Kd3 Kd7
28. exf6 gxf6 29. Nd2 a5 30. bxa5 Ra8 31. Nb3 Bxa3 32. Kc2 e5 33. Rg3 exd4 34.
Rg7+ Kd6 35. Nxd4 Rxa5 36. Rf7 Ra8 37. f4 Bc5 38. Nb3 Ke6 39. Rc7 Kd6 40. Rf7
Bg1 41. Rxf6+ Kc7 42. Rxh6 c5 43. Rh5 Kc6 44. Rh6+ Kb5 45. Rd6 d4 46. Rd5 Kb4
47. Nxc5 Kc4 48. Rg5 Ra2+ 49. Kb1 Re2 50. Na4 d3 51. Nb2+ Kc3 52. Nxd3 Kxd3 53.
Rg3+ Be3 54. f5 Kc4 55. Rg8 Bd4 56. h4 Kb3 57. Rb8+ Kc3 58. Rg8 Be5 59. Re8 Re1+
60. Ka2 Kc2 61. Rc8+ Bc3 62. Rxc3+ Kxc3 63. h5 Re2+ 0-1

[Event "8th Sunway Sitges 2021"]
[Site "Sitges ESP"]
[Date "2021.12.13"]
[Round "1.25"]
[White "Van Foreest, Lucas"]
[Black "Dhananjay, S"]
[Result "1-0"]
[WhiteTitle "GM"]
[WhiteElo "2530"]
[BlackElo "2174"]
[WhiteFideId "1039792"]
[BlackFideId "5092892"]
[EventDate "2021.12.13"]

1. d4 d5 2. c4 c6 3. Nf3 Nf6 4. Nc3 e6 5. Bg5 Nbd7 6. cxd5 exd5 7. e3 h6 8. Bf4
g5 9. Bg3 Nh5 10. Bd3 Nxg3 11. hxg3 Bg7 12. Qc2 Nb6 13. O-O-O Be6 14. Kb1 Qe7
15. Rc1 O-O-O 16. Na4 Kb8 17. Nc5 Bc8 18. Qd2 Nd7 19. Nxd7+ Bxd7 20. a3 h5 21.
Be2 Rde8 22. Ne1 g4 23. Ka2 h4 24. Rxh4 Rxh4 25. gxh4 g3 26. fxg3 Bh6 27. Nc2
Rg8 28. Bf3 Rxg3 29. Qf2 Rg7 30. Re1 Bf5 31. Na1 Qd6 32. g4 Bxg4 33. Bxg4 Rxg4
34. Qxf7 Rg2 35. Nb3 b6 36. Rf1 Rg7 37. Qe8+ Kb7 38. Rf8 Qd7 39. Qa8+ Ka6 40.
Rf6 Bxe3 41. Rxc6 Kb5 42. Rc3 Bf4 43. Qf8 Rf7 44. Rc5+ Ka6 45. Qa8 Qf5 46. Ra5+ 1-0

[Event "8th Sunway Sitges 2021"]
[Site "Sitges ESP"]
[Date "2021.12.13"]
[Round "1.26"]
[White "Knudsen, Simon"]
[Black "Kulaots, Kaido"]
[Result "1/2-1/2"]
[BlackTitle "GM"]
[WhiteElo "2171"]
[BlackElo "2519"]
[WhiteFideId "12985546"]
[BlackFideId "4500261"]
[EventDate "2021.12.13"]

1. e4 c5 2. Nf3 d6 3. d4 cxd4 4. Nxd4 Nf6 5. Nc3 a6 6. g3 e5 7. Nf3 Be7 8. Nh4
O-O 9. Nf5 Bxf5 10. exf5 d5 11. Bg2 d4 12. Ne4 Nxe4 13. Bxe4 Nd7 14. O-O Nc5 15.
Bg2 Qd7 16. c3 Qxf5 17. cxd4 Rad8 18. d5 e4 19. Qe2 Rfe8 20. f3 exf3 21. Qxf3
Qxf3 22. Bxf3 Nd3 23. Be3 Nxb2 24. Bb6 Rd6 25. Bd4 Nc4 26. Rfe1 Kf8 27. Rac1 b5
28. Re2 Rdd8 29. Rce1 f6 30. Bh5 g6 31. Bf3 Bb4 32. Rxe8+ Rxe8 33. Rxe8+ Kxe8
34. Bxf6 Be7 35. Bc3 Bc5+ 36. Kf1 b4 37. Bg7 Kf7 38. Bh8 Nd2+ 39. Ke2 Nxf3 40.
Kxf3 Ke7 41. Ke4 Bg1 42. h3 Kd6 43. Bg7 Kc5 44. Bf8+ Kb5 45. Bg7 a5 46. Bd4 Bxd4
47. Kxd4 a4 48. d6 Kc6 49. Kc4 b3 50. axb3 axb3 51. Kxb3 1/2-1/2